Top FIFA 23 England Cards - Statistics

General Stats
  • This quiz has been taken 34 times
  • The average score is 201 of 315
Answer Stats
Club Player % Correct
Tottenham Hotspur ST Harry Kane 95
96%
Tottenham Hotspur ST Harry Kane 92
96%
Tottenham Hotspur ST Harry Kane 91
96%
Tottenham Hotspur ST Harry Kane 90
96%
England ST Harry Kane 89
96%
Tottenham Hotspur ST Harry Kane 89
96%
Borussia Dortmund CM Jude Bellingham 97
96%
Borussia Dortmund CM Jude Bellingham 97
96%
Borussia Dortmund CM Jude Bellingham 95
96%
Borussia Dortmund CM Jude Bellingham 90
96%
Borussia Dortmund CM Jude Bellingham 86
96%
Borussia Dortmund CM Jude Bellingham 86
96%
England CM Jude Bellingham 84
96%
Borussia Dortmund CM Jude Bellingham 84
96%
Arsenal RW Bukayo Saka 93
93%
Arsenal RM Bukayo Saka 89
93%
Arsenal RW Bukayo Saka 88
93%
Arsenal RM Bukayo Saka 88
93%
Arsenal RW Bukayo Saka 85
93%
England RM Bukayo Saka 83
93%
Arsenal RM Bukayo Saka 82
93%
Manchester United RW Jadon Sancho 96
93%
Manchester United CAM Jadon Sancho 90
93%
England LW Jadon Sancho 84
93%
Manchester United LW Jadon Sancho 84
93%
Leicester City ST Jamie Vardy 94
93%
Leicester City ST Jamie Vardy 88
93%
Leicester City ST Jamie Vardy 85
93%
Manchester United LW Marcus Rashford 98
93%
Manchester United LW Marcus Rashford 95
93%
Manchester United LW Marcus Rashford 88
93%
Manchester United LW Marcus Rashford 88
93%
Manchester United LW Marcus Rashford 87
93%
Manchester United LM Marcus Rashford 85
93%
Manchester United ST Marcus Rashford 84
93%
Manchester United LW Marcus Rashford 81
93%
Icon ST Wayne Rooney 97
93%
Icon ST Wayne Rooney 92
93%
Icon ST Wayne Rooney 91
93%
Icon CF Wayne Rooney 88
93%
Icon CAM Wayne Rooney 86
93%
Icon RM David Beckham 94
89%
Icon RM David Beckham 92
89%
Icon RM David Beckham 89
89%
Icon CM David Beckham 87
89%
Roma ST Tammy Abraham 96
89%
Roma ST Tammy Abraham 92
89%
Roma ST Tammy Abraham 88
89%
Roma ST Tammy Abraham 85
89%
England ST Tammy Abraham 83
89%
Roma ST Tammy Abraham 82
89%
Icon LB Ashley Cole 91
86%
Icon LB Ashley Cole 89
86%
Icon LB Ashley Cole 87
86%
Icon LB Ashley Cole 85
86%
Hero RW Joe Cole 97
86%
Hero CAM Joe Cole 90
86%
Hero LM Joe Cole 88
86%
Hero RW Joe Cole 87
86%
Newcastle United RB Kieran Trippier 92
86%
Newcastle United RB Kieran Trippier 88
86%
Newcastle United RB Kieran Trippier 87
86%
Newcastle United RB Kieran Trippier 86
86%
England RB Kieran Trippier 84
86%
Newcastle United RB Kieran Trippier 84
86%
Manchester City LW Phil Foden 94
86%
Manchester City RW Phil Foden 90
86%
Manchester City LW Phil Foden 89
86%
Manchester City RW Phil Foden 87
86%
England LW Phil Foden 85
86%
Manchester City LW Phil Foden 85
86%
Liverpool ST Trent Alexander-Arnold 94
86%
Liverpool RB Trent Alexander-Arnold 90
86%
England RB Trent Alexander-Arnold 87
86%
Liverpool RB Trent Alexander-Arnold 87
86%
Icon CM Frank Lampard 94
82%
Icon CM Frank Lampard 93
82%
Icon CM Frank Lampard 90
82%
Icon CM Frank Lampard 90
82%
Icon CM Frank Lampard 88
82%
Icon CM Frank Lampard 86
82%
Icon CM Frank Lampard 86
82%
Chelsea RW Raheem Sterling 95
82%
Chelsea RW Raheem Sterling 92
82%
Chelsea LW Raheem Sterling 88
82%
England LW Raheem Sterling 86
82%
Chelsea LW Raheem Sterling 86
82%
Arsenal GK Aaron Ramsdale 90
79%
Arsenal GK Aaron Ramsdale 85
79%
England GK Aaron Ramsdale 83
79%
Arsenal GK Aaron Ramsdale 82
79%
Manchester City CAM Jack Grealish 90
79%
Manchester City LW Jack Grealish 89
79%
Manchester City CAM Jack Grealish 88
79%
Manchester City LW Jack Grealish 87
79%
England LW Jack Grealish 84
79%
Manchester City LW Jack Grealish 84
79%
Liverpool CB Joe Gomez 96
79%
Liverpool CB Joe Gomez 84
79%
Liverpool CB Joe Gomez 81
79%
Icon CM Steven Gerrard 94
79%
Icon CM Steven Gerrard 91
79%
Icon CM Steven Gerrard 89
79%
Icon CDM Steven Gerrard 86
79%
Nottingham Forest GK Dean Henderson 82
75%
England GK Dean Henderson 81
75%
Icon ST Gary Lineker 92
75%
Icon ST Gary Lineker 90
75%
Icon ST Gary Lineker 89
75%
Icon ST Gary Lineker 87
75%
England CM Jordan Henderson 84
75%
Liverpool CM Jordan Henderson 83
75%
Manchester City GK Kyle Walker 94
75%
Manchester City RB Kyle Walker 89
75%
England RB Kyle Walker 85
75%
Manchester City RB Kyle Walker 85
75%
Icon CM Paul Scholes 95
75%
Icon CM Paul Scholes 91
75%
Icon CM Paul Scholes 89
75%
Icon CM Paul Scholes 87
75%
Chelsea RWB Reece James 91
75%
Chelsea RW Reece James 88
75%
England RWB Reece James 84
75%
Chelsea RWB Reece James 84
75%
Icon CB Bobby Moore 92
71%
Icon CB Bobby Moore 91
71%
Icon CB Bobby Moore 89
71%
Icon CB Bobby Moore 87
71%
Milan CB Fikayo Tomori 92
71%
Milan CB Fikayo Tomori 88
71%
Milan CB Fikayo Tomori 86
71%
England CB Fikayo Tomori 84
71%
Milan CB Fikayo Tomori 84
71%
Manchester United ST Harry Maguire 95
71%
England CB Harry Maguire 82
71%
Manchester United CB Harry Maguire 81
71%
Manchester City CB John Stones 89
71%
Manchester City CB John Stones 86
71%
England CB John Stones 84
71%
Manchester City CB John Stones 83
71%
England GK Jordan Pickford 83
71%
Everton GK Jordan Pickford 82
71%
Manchester United CB Luke Shaw 87
71%
Manchester United LB Luke Shaw 86
71%
Manchester United CB Luke Shaw 84
71%
England LB Luke Shaw 81
71%
Manchester United LB Luke Shaw 80
71%
Chelsea CAM Mason Mount 89
71%
Chelsea CAM Mason Mount 88
71%
Chelsea CAM Mason Mount 86
71%
England CAM Mason Mount 84
71%
Chelsea CAM Mason Mount 84
71%
Newcastle United GK Nick Pope 88
71%
England GK Nick Pope 82
71%
Newcastle United GK Nick Pope 81
71%
Icon CB Rio Ferdinand 92
71%
Icon CB Rio Ferdinand 90
71%
Icon CB Rio Ferdinand 88
71%
Icon CB Rio Ferdinand 85
71%
Arsenal CB Ben White 90
68%
Arsenal CB Ben White 87
68%
England CB Ben White 81
68%
Roma CB Chris Smalling 94
68%
Roma CB Chris Smalling 88
68%
Roma CB Chris Smalling 84
68%
Roma CB Chris Smalling 81
68%
West Ham United CDM Declan Rice 89
68%
West Ham United CDM Declan Rice 87
68%
West Ham United CDM Declan Rice 87
68%
England CDM Declan Rice 84
68%
West Ham United CDM Declan Rice 84
68%
Leicester City RM James Maddison 86
68%
Leicester City RM James Maddison 84
68%
Leicester City CAM James Maddison 82
68%
Manchester City CDM Kalvin Phillips 91
68%
Manchester City CDM Kalvin Phillips 87
68%
England CDM Kalvin Phillips 82
68%
Manchester City CDM Kalvin Phillips 81
68%
Icon ST Michael Owen 94
68%
Icon ST Michael Owen 91
68%
Icon ST Michael Owen 88
68%
Icon ST Michael Owen 88
68%
Icon ST Michael Owen 86
68%
Nottingham Forest CAM Morgan Gibbs-White 89
68%
Manchester United CB Phil Jones 85
68%
Icon ST Alan Shearer 92
64%
Icon ST Alan Shearer 91
64%
Icon ST Alan Shearer 89
64%
Icon ST Alan Shearer 87
64%
Chelsea LB Ben Chilwell 85
64%
England LWB Ben Chilwell 83
64%
Chelsea LWB Ben Chilwell 82
64%
Liverpool CM James Milner 92
64%
Liverpool CM James Milner 86
64%
West Ham United RM Jarrod Bowen 88
64%
West Ham United RW Jarrod Bowen 84
64%
West Ham United RM Jarrod Bowen 80
64%
Manchester United RB Aaron Wan-Bissaka 87
61%
Manchester United RB Aaron Wan-Bissaka 80
61%
Icon LW Sol Campbell 92
61%
Icon CB Sol Campbell 89
61%
Icon CB Sol Campbell 87
61%
Icon CB Sol Campbell 85
61%
Leicester City LM Harvey Barnes 80
57%
Rangers RB James Tavernier 90
57%
Rangers RB James Tavernier 87
57%
Rangers RB James Tavernier 84
57%
Southampton CAM James Ward-Prowse 87
57%
England CM James Ward-Prowse 82
57%
Southampton CM James Ward-Prowse 81
57%
Icon LW John Barnes 90
57%
Icon LW John Barnes 89
57%
Icon LW John Barnes 87
57%
Icon CAM John Barnes 86
57%
Lille LW Angel Gomes 95
54%
Lille LM Angel Gomes 90
54%
Bayer Leverkusen LWB Callum Hudson-Odoi 85
54%
England ST Dominc Calvert-Lewin 81
54%
Everton ST Dominc Calvert-Lewin 80
54%
Arsenal ST Eddie Nketiah 89
54%
Arsenal ST Eddie Nketiah 82
54%
Arsenal LM Emile Smith Rowe 86
54%
Arsenal LM Emile Smith Rowe 80
54%
England CB Eric Dier 81
54%
Tottenham Hotspur CB Eric Dier 80
54%
Newcastle United LW Anthony Gordon 88
50%
Newcastle United RW Anthony Gordon 86
50%
Newcastle United LM Anthony Gordon 84
50%
Newcastle United LM Anthony Gordon 82
50%
Besiktas CAM Dele Alli 89
50%
Icon ST Ian Wright 89
50%
Icon ST Ian Wright 87
50%
Icon ST Ian Wright 85
50%
Brentford ST Ivan Toney 85
50%
Brentford ST Ivan Toney 81
50%
Aston Villa CM Jacob Ramsey 88
50%
Aston Villa CM Jacob Ramsey 86
50%
Aston Villa CM Jacob Ramsey 84
50%
Aston Villa CM Jacob Ramsey 82
50%
Leeds United ST Patrick Bamford 88
50%
Leeds United ST Patrick Bamford 85
50%
England ST Patrick Bamford 80
50%
Hero ST Peter Crouch 89
50%
Hero ST Peter Crouch 86
50%
Hero ST Peter Crouch 85
50%
Newcastle United ST Callum Wilson 82
46%
Liverpool CAM Harvey Elliott 90
46%
Crystal Palace CB Marc Guehi 88
46%
Everton CB Michael Keane 84
46%
Aston Villa ST Ollie Watkins 89
46%
Aston Villa ST Ollie Watkins 84
46%
England ST Ollie Watkins 80
46%
Queens Park Rangers CAM Chris Willock 86
43%
Newcastle United CM Joe Willock 87
43%
Sporting CP RW Marcus Edwards 82
43%
Chelsea RW Noni Madueke 87
43%
Chelsea RW Noni Madueke 84
43%
Reims LW Folarin Balogun 87
39%
Reims ST Folarin Balogun 87
39%
Everton CB James Tarkowski 84
39%
Hero CB Ledley King 89
39%
Hero CB Ledley King 86
39%
Wrexham ST Paul Mullin 91
39%
Wrexham ST Paul Mullin 80
39%
Middlesbrough CAM Chuba Akpom 94
36%
Crystal Palace GK Jack Butland 89
36%
Nottingham Forest RW Jesse Lingard 86
36%
England CAM Jesse Lingard 80
36%
Burnley CAM Josh Brownhill 94
36%
Southampton RB Kyle Walker-Peters 87
36%
Fenerbahce RW Ryan Kent 95
36%
Rangers LW Ryan Kent 85
36%
Liverpool CM Alex Oxlade-Chamberlain 86
32%
Liverpool CM Alex Oxlade-Chamberlain 84
32%
Bristol City CAM Alex Scott 90
32%
England CM Conor Gallagher 81
32%
Borussia Dortmund LM Jamie Bynoe-Gittens 89
32%
Arsenal LW Reiss Nelson 85
32%
England CB Tyrone Mings 80
32%
Leeds United LM Jack Harrison 84
29%
Nice ST Ross Barkley 86
29%
Nice RW Ross Barkley 86
29%
Brighton & Hove Albion RM Solly March 83
29%
Montpellier LM Stephy Mavididi 92
29%
Montpellier LM Stephy Mavididi 88
29%
Everton CB Ben Godfrey 84
25%
Southampton RW Theo Walcott 87
25%
England CB Conor Coady 81
21%
Burnley RM Nathan Tella 92
21%
Burnley ST Nathan Tella 84
21%
Burnley RM Nathan Tella 80
21%
Augsburg CDM Reece Oxford 86
21%
Plymouth Argyle LB Bali Mumba 90
18%
Rennes RWB Djed Spence 86
18%
Newcastle United RM Jacob Murphy 87
18%
Middlesbrough ST Cameron Archer 81
14%
Ipswich Town CAM Conor Chaplin 80
14%
Hertha Berlin RB Jonjoe Kenny 87
14%
Besiktas RM Nathan Redmond 90
14%
Besiktas RM Nathan Redmond 83
14%
Middlesbrough LB Ryan Giles 90
14%
Swindon Town ST Charlie Austin 81
11%
Millwall RB Jamie Shackleton 82
11%
Stoke City CB Phil Jagielka 89
11%
Burnley LW Scott Twine 82
11%
Accrington Stanley GK Toby Savin 94
11%
Bochum LM Jordi Osei-Tutu 87
7%
Sheffield Wednesday CAM Josh Windass 80
7%
Northampton Town LM Sam Hoskins 88
7%
Stevenage CB Carl Piergianni 88
4%
Huddersfield Town LWB Jaheim Headley 94
4%
Colchester United RM Junior Tchamadeu 90
4%
Troyes CAM Levi Lumeka 94
4%
Shrewsbury Town CM Luke Leahy 80
4%
Sunderland CDM Luke O'Nien 82
4%
No matching quizzes found
Score Distribution
Percent of People with Each Score
Percentile by Number Answered
Your Score History
You have not taken this quiz